Oxford illustrated encyclopedia/ (Record no. 7162)

MARC details
000 -LEADER
fixed length control field 00638nam a22001937a 4500
003 - CONTROL NUMBER IDENTIFIER
control field OSt
005 - DATE AND TIME OF LATEST TRANSACTION
control field 20251217054710.0
008 - FIXED-LENGTH DATA ELEMENTS--GENERAL INFORMATION
fixed length control field 251217b |||||||| |||| 00| 0 eng d
020 ## - INTERNATIONAL STANDARD BOOK NUMBER
International Standard Book Number 0198691297 9780198691297
040 ## - CATALOGING SOURCE
Original cataloging agency DWCL-Main lib.
Transcribing agency OC
082 ## - DEWEY DECIMAL CLASSIFICATION NUMBER
Classification number GR. 032 Ox98 1993
245 ## - TITLE STATEMENT
Title Oxford illustrated encyclopedia/
260 ## - PUBLICATION, DISTRIBUTION, ETC.
Place of publication, distribution, etc. Oxford [England] ; New York :
Name of publisher, distributor, etc. Oxford University Press,
Date of publication, distribution, etc. 1985-1993.
300 ## - PHYSICAL DESCRIPTION
Extent v. <1-6, 8-9 > :
Other physical details ill. (some col.) ;
Dimensions 28 cm.
650 ## - SUBJECT ADDED ENTRY--TOPICAL TERM
Topical term or geographic name entry element 1. Encyclopedias and dictionaries.
650 ## - SUBJECT ADDED ENTRY--TOPICAL TERM
Topical term or geographic name entry element 2. Science -- Dictionaries.
650 ## - SUBJECT ADDED ENTRY--TOPICAL TERM
Topical term or geographic name entry element 3. Science -- Encyclopedias.
942 ## - ADDED ENTRY ELEMENTS (KOHA)
Source of classification or shelving scheme Dewey Decimal Classification
Koha item type General Reference
Classification part GR.
Suppress in OPAC No
952 ## - LOCATION AND ITEM INFORMATION (KOHA)
--
952 ## - LOCATION AND ITEM INFORMATION (KOHA)
--
952 ## - LOCATION AND ITEM INFORMATION (KOHA)
--
952 ## - LOCATION AND ITEM INFORMATION (KOHA)
--
952 ## - LOCATION AND ITEM INFORMATION (KOHA)
--
952 ## - LOCATION AND ITEM INFORMATION (KOHA)
--
952 ## - LOCATION AND ITEM INFORMATION (KOHA)
--
952 ## - LOCATION AND ITEM INFORMATION (KOHA)
--
952 ## - LOCATION AND ITEM INFORMATION (KOHA)
--
Holdings
Withdrawn status Lost status Source of classification or shelving scheme Damaged status Not for loan Home library Current library Shelving location Date acquired Source of acquisition Cost, normal purchase price Total Checkouts Full call number Barcode Date last seen Copy number Price effective from Koha item type Uniform Resource Identifier
    Dewey Decimal Classification     College Library College Library General Reference 07/18/2003 School Fund 0.00   GR. 032 Ox98 1993 CL37198 12/17/2025 c1 12/17/2025 GR
    Dewey Decimal Classification     College Library College Library General Reference 07/18/2003 School Fund 0.00   GR. 032 Ox98 1993 CL37199 12/17/2025 c2 12/17/2025 GR
    Dewey Decimal Classification     College Library College Library General Reference 07/18/2003 School Fund 0.00   GR. 032 Ox98 1993 CL37200 12/17/2025 c3 12/17/2025 GR
    Dewey Decimal Classification     College Library College Library General Reference 07/18/2003 School Fund 0.00   GR. 032 Ox98 1993 CL37201 12/17/2025 c4 12/17/2025 GR
    Dewey Decimal Classification     College Library College Library General Reference 07/18/2003 School Fund 0.00   GR. 032 Ox98 1993 CL37202 12/17/2025 c5 12/17/2025 GR
    Dewey Decimal Classification     College Library College Library General Reference 07/18/2003 School Fund 0.00   GR. 032 Ox98 1993 CL37203 12/17/2025 c6 12/17/2025 GR
    Dewey Decimal Classification     College Library College Library General Reference 07/18/2003 School Fund 0.00   GR. 032 Ox98 1993 CL37204 12/17/2025 c7 12/17/2025 GR
    Dewey Decimal Classification     College Library College Library General Reference 07/18/2003 School Fund 0.00   GR. 032 Ox98 1993 CL37205 12/17/2025 c8 12/17/2025 GR
    Dewey Decimal Classification     College Library College Library General Reference 07/18/2003 School Fund 0.00   GR. 032 Ox98 1993 CL37778 12/17/2025 c9 12/17/2025 GR